[Event "Roncana op-A 9th"]
[Site "Santa Eulalia de Roncana"]
[Date "2015.10.31"]
[Round "4"]
[White "Ramal Mata, Rodrigo"]
[Black "Prats Safont, Sergi"]
[Result "0-1"]
[WhiteElo "2091"]
[BlackElo "1951"]
[PlyCount "98"]
[EventDate "2015.10.03"]
[EventType "swiss"]
[EventRounds "8"]
[EventCountry "ESP"]
[SourceTitle "EXT 2017"]
[Source "ChessBase"]
[SourceDate "2016.10.25"]
[SourceVersion "1"]
[SourceVersionDate "2016.10.25"]
[SourceQuality "1"]

1. d4 Nf6 2. g4 Nxg4 3. e4 Nf6 4. e5 Nd5 5. c4 Nb6 6. Nc3 e6 7. c5 Nd5 8. Nxd5 exd5 9. Bg2 c6 10. Ne2 b6 11. b4 a5 12. bxa5 bxc5 13. 0-0 Qxa5 14. a4 d6 15. Re1 dxe5 16. Bd2 Qc7 17. dxe5 Be7 18. Bf4 Be6 19. Ra3 Nd7 20. Rg3 Rg8 21. Qc2 g6 22. Bh3 Qa5 23. Ra1 Nb6 24. Bd2 Qa6 25. Nf4 Kd7 26. a5 Bxh3 27. Rxh3 Nc4 28. Rxh7 Nxe5 29. Rb1 Nc4 30. Rxf7 Nxd2 31. Rxe7+ Kxe7 32. Qxc5+ Kd7 33. Rd1 Qxa5 34. Qe3 Ne4 35. Qxe4 Rae8 36. Qb1 Qa4 37. Nd3 Qg4+ 38. Kf1 Rh8 39. Qb7+ Kd6 40. Qb4+ Qxb4 41. Nxb4 Rxh2 42. Kg1 Reh8 43. Rd2 R8h4 44. Nc2 c5 45. Ne3 d4 46. Nc4+ Kd5 47. Ne3+ Ke4 48. Nc4 Rh1+ 49. Kg2 Kf4 0-1

[Event "Badalona op-B 40th"]
[Site "Badalona"]
[Date "2014.08.02"]
[Round "1"]
[White "Fernandez Pintado, Xavier"]
[Black "Ramal Mata, Rodrigo"]
[Result "1-0"]
[WhiteElo "1905"]
[BlackElo "2084"]
[PlyCount "97"]
[EventDate "2014.08.02"]
[EventType "swiss"]
[EventRounds "9"]
[EventCountry "ESP"]
[SourceTitle "EXT 2015"]
[Source "ChessBase"]
[SourceDate "2014.11.20"]
[SourceVersion "1"]
[SourceVersionDate "2014.11.20"]
[SourceQuality "1"]

1. d4 Nf6 2. c4 e5 3. Bg5 Bb4+ 4. Nc3 h6 5. Bh4 g5 6. Bg3 Ne4 7. Qd3 Nxg3 8. hxg3 Qe7 9. a3 e4 10. Qe3 Bxc3+ 11. Qxc3 Qf6 12. e3 Nc6 13. Ne2 Ne7 14. Qc2 Qg6 15. Nc3 f5 16. Nb5 Qc6 17. Qc3 d5 18. Qb3 Qb6 19. Qd1 Be6 20. c5 Qc6 21. Nc3 a6 22. b4 Qd7 23. b5 axb5 24. Nxb5 Ng6 25. a4 Ke7 26. Qc2 h5 27. Rc1 c6 28. Nd6 Qc7 29. Rb1 Ra7 30. Qb3 h4 31. Qxb7 Rxb7 32. Rxb7 Qxb7 33. Nxb7 Rb8 34. Na5 Bd7 35. gxh4 gxh4 36. Be2 Ra8 37. Nb7 Rxa4 38. 0-0 Kf6 39. f3 f4 40. fxe4 Kg5 41. exd5 fxe3 42. Nd8 Rxd4 43. dxc6 Nf4 44. Nf7+ Kf6 45. cxd7 Kg7 46. Rxf4 Rxf4 47. d8Q Rxf7 48. Qg5+ Kf8 49. Qxe3 1-0